000 00526nam a22002057a 4500
999 _c8073
_d8073
003 OSt
005 20230131162727.0
008 230131b ||||| |||| 00| 0 eng d
020 _a0727907719
040 _cDDC
082 _aW26.5 b78 1994
100 _aBrown,r.A;
_916435
245 _aMedical Statistics on Personal Computer.
250 _a2nd ed
260 _aEngland,
_bBMJ Publishing Group.
_c1994.
300 _aix,147p;
_bill,
_c24cm.
504 _aincludes index.
650 _aMedicine.
_9324
942 _2z
_cO_SHELF